Distributed systems : principles and paradigms / (Record no. 1834)

000 -LEADER
fixed length control field 01321cam a22003374a 4500
001 - CONTROL NUMBER
control field 14465350
003 - CONTROL NUMBER IDENTIFIER
control field OSt
005 - DATE AND TIME OF LATEST TRANSACTION
control field 20150529142040.0
008 - FIXED-LENGTH DATA ELEMENTS--GENERAL INFORMATION
fixed length control field 060724s2007 njua b 001 0 eng
010 ## - LIBRARY OF CONGRESS CONTROL NUMBER
LC control number 2006024063
020 ## - INTERNATIONAL STANDARD BOOK NUMBER
International Standard Book Number 0132392275 (alk. paper)
020 ## - INTERNATIONAL STANDARD BOOK NUMBER
International Standard Book Number 9780132392273 (alk. paper)
035 ## - SYSTEM CONTROL NUMBER
System control number (OCoLC)ocm70707891
035 ## - SYSTEM CONTROL NUMBER
System control number (OCoLC)70707891
040 ## - CATALOGING SOURCE
Original cataloging agency DLC
Transcribing agency DLC
Modifying agency BAKER
-- C#P
-- VP@
-- YDXCP
-- UBA
-- DLC
050 00 - LIBRARY OF CONGRESS CALL NUMBER
Classification number QA76.9.D5T36 2014
082 00 - DEWEY DECIMAL CLASSIFICATION NUMBER
Classification number 005.4/476
Edition number 22
100 1# - MAIN ENTRY--PERSONAL NAME
Personal name Tanenbaum, Andrew S.,
Dates associated with a name 1944-
245 10 - TITLE STATEMENT
Title Distributed systems : principles and paradigms /
Statement of responsibility, etc Andrew S. Tanenbaum, Maarten Van Steen.
250 ## - EDITION STATEMENT
Edition statement 2nd ed.
260 ## - PUBLICATION, DISTRIBUTION, ETC. (IMPRINT)
Place of publication, distribution, etc Upper Saddle RIiver, NJ :
Name of publisher, distributor, etc Pearson Prentice Hall,
Date of publication, distribution, etc c2014.
300 ## - PHYSICAL DESCRIPTION
Extent xviii, 686 p. :
Other physical details ill. ;
Dimensions 25 cm.
504 ## - BIBLIOGRAPHY, ETC. NOTE
Bibliography, etc Includes bibliographical references (p. 623-668) and index.
650 #0 - SUBJECT ADDED ENTRY--TOPICAL TERM
Topical term or geographic name as entry element Electronic data processing
General subdivision Distributed processing.
650 #0 - SUBJECT ADDED ENTRY--TOPICAL TERM
Topical term or geographic name as entry element Distributed operating systems (Computers)
700 1# - ADDED ENTRY--PERSONAL NAME
Personal name Steen, Maarten van.
856 41 - ELECTRONIC LOCATION AND ACCESS
Materials specified Table of contents only
Uniform Resource Identifier <a href="http://www.loc.gov/catdir/toc/ecip0617/2006024063.html">http://www.loc.gov/catdir/toc/ecip0617/2006024063.html</a>
906 ## - LOCAL DATA ELEMENT F, LDF (RLIN)
a 7
b cbc
c orignew
d 1
e ecip
f 20
g y-gencatlg
942 ## - ADDED ENTRY ELEMENTS (KOHA)
Source of classification or shelving scheme
Koha item type Book
Holdings
Withdrawn status Lost status Source of classification or shelving scheme Damaged status Not for loan Home library Current library Shelving location Date acquired Total Checkouts Total Renewals Full call number Barcode Date last seen Date checked out Copy number Price effective from Koha item type
          Riara University Library Riara University Library General stack 29/05/2015 3 2 QA76.9.D5T36 2014 6308/15 05/12/2023 23/11/2023 C.1 29/05/2015 Book
          Riara University Library Riara University Library General stack 04/07/2016     QA76.9.D5T36 2014 7621/16 04/07/2016   C.2 04/07/2016 Book
          Riara University Library Riara University Library General stack 04/07/2016     QA76.9.D5T36 2014 7622/16 04/07/2016   C.3 04/07/2016 Book

Riara University Library,
P.O. Box 49940-00100,
Nairobi, Kenya.